Το κλίμα τα τελευταία 40000 χρόνια : αναφορά στην Ανατολική Μεσόγειο

Αποθηκεύτηκε σε:
Λεπτομέρειες βιβλιογραφικής εγγραφής
Κύριος συγγραφέας: Γεραγά, Μαρία
Μορφή: Βιβλίο
Γλώσσα:Greek
Δημοσίευση: Πάτρα : Εκδόσεις Πανεπιστημίου Πατρών, [2011].
Θέματα:
Ετικέτες: Προσθήκη ετικέτας
Δεν υπάρχουν, Καταχωρήστε ετικέτα πρώτοι!

MARC

LEADER 00000cam a2200000 a 4500
001 1/123182
008 210611nyyyy####gr a|||||| |||| ||gre||
020 |a 9789605301255 
040 |a GR-MyUa  |b gre  |c GR-MyUa  |e AACR2 
041 0 |a gre 
082 7 |a 551.69  |2 (23) 
100 1 |a Γεραγά, Μαρία. 
245 1 3 |a Το κλίμα τα τελευταία 40000 χρόνια :   |b αναφορά στην Ανατολική Μεσόγειο /   |c Γεραγά Μαρία.  
260 |a Πάτρα :   |b Εκδόσεις Πανεπιστημίου Πατρών,   |c [2011].  
300 |a 100 σ. ;   |c 29 εκ.  
650 0 |a Climatology 
650 0 |a Paleoclimatology 
650 0 |a Paleoclimatology  |z Middle East. 
650 0 |a Climatic changes  |z Middle East. 
852 |a INST  |b LESVOS  |c EUDOXUS  |e 20210611  |h 551.69 ΓΕΡ  |p 005100063179  |q 005100063179  |t EDX  |y 0 
920 |a Εύδοξος  |b Παραγγελία  |y Λέσβος-ΤΓ  |z 2021-05 
970 |a Δημάκη  |b Μαρία  |z 11-06-2021